Test de Rapidité - Lettre "I" - Statistiques

Statistiques générales
  • Ce quiz a été pris 849 fois
  • Le résultat moyen est 91 sur 100
Statistiques - réponses
Lettre "I" % Correct
I
100%
I
99%
I
98%
I
98%
I
98%
I
98%
I
98%
I
97%
I
97%
I
97%
I
97%
I
97%
I
97%
I
97%
I
97%
I
97%
I
97%
I
97%
I
97%
I
97%
I
96%
I
96%
I
96%
I
96%
I
96%
I
96%
I
96%
I
96%
I
95%
I
95%
I
95%
I
95%
I
95%
I
95%
I
95%
I
94%
I
94%
I
94%
I
94%
I
94%
I
94%
I
94%
I
94%
I
94%
I
94%
I
94%
I
94%
I
93%
I
93%
I
93%
I
93%
I
93%
I
93%
I
93%
I
93%
I
92%
I
92%
I
92%
I
92%
I
92%
I
91%
I
91%
I
91%
I
91%
I
91%
I
91%
I
91%
I
90%
I
90%
I
90%
I
90%
I
90%
I
90%
I
90%
I
89%
I
89%
I
88%
I
87%
I
87%
I
86%
I
86%
I
85%
I
85%
I
85%
I
84%
I
84%
I
83%
I
82%
I
81%
I
80%
I
80%
I
79%
I
78%
I
77%
I
76%
I
76%
I
75%
I
72%
I
72%
I
71%
Aucun quiz correspondant
Distribution des résultats
% des personnes avec chaque résultat
Percentile par nombre de réponses
Votre historique - résultats
Vous n’avez pas pris ce quiz